College education in India, (Record no. 77596)

MARC details
000 -LEADER
fixed length control field 00833cam a22002771 4500
001 - CONTROL NUMBER
control field sa 68000973
003 - CONTROL NUMBER IDENTIFIER
control field DLC
005 - DATE AND TIME OF LATEST TRANSACTION
control field 20260227112428.0
008 - FIXED-LENGTH DATA ELEMENTS--GENERAL INFORMATION
fixed length control field 711108s1967 ii b 00010 eng
010 ## - LIBRARY OF CONGRESS CONTROL NUMBER
LC control number sa 68000973 //r90
025 ## - OVERSEAS ACQUISITION NUMBER
Overseas acquisition number PL480:I-E-9212
040 ## - CATALOGING SOURCE
Original cataloging agency DLC
Transcribing agency DLC
Modifying agency DLC
043 ## - GEOGRAPHIC AREA CODE
Geographic area code a-ii---
050 00 - LIBRARY OF CONGRESS CALL NUMBER
Classification number LA1153
Item number .A64
082 00 - DEWEY DECIMAL CLASSIFICATION NUMBER
Classification number 378.54
100 10 - MAIN ENTRY--PERSONAL NAME
Personal name Airan, Judson William,
Dates associated with a name 1907-
Relator term comp.
245 10 - TITLE STATEMENT
Title College education in India,
Statement of responsibility, etc. edited by J. W. Airan. Foreword by Asoka Mehta.
260 0# - PUBLICATION, DISTRIBUTION, ETC.
Place of publication, distribution, etc. Bombay,
Name of publisher, distributor, etc. Manaktalas
Date of publication, distribution, etc. [1967]
300 ## - PHYSICAL DESCRIPTION
Extent x, 226 p.
Dimensions 22 cm.
350 ## - PRICE (NR) (BK AM CF MU VM SE) [OBSOLETE]
Price Rs24
500 ## - GENERAL NOTE
General note Prepared by faculty members of Wilson College, Bombay.
504 ## - BIBLIOGRAPHY, ETC. NOTE
Bibliography, etc. note Bibliographical footnotes.
650 #0 - SUBJECT ADDED ENTRY--TOPICAL TERM
Topical term or geographic name entry element Universities and colleges
Geographic subdivision India.
650 #0 - SUBJECT ADDED ENTRY--TOPICAL TERM
Topical term or geographic name entry element Education, Higher.
710 20 - ADDED ENTRY--CORPORATE NAME
Corporate name or jurisdiction name as entry element Wilson College, Bombay.

No items available.

Powered by Koha